00986 2200349 4500001002100000005001500021035002000036007000300056040001700059100002300076245006100099250001000160300003600170020002200206041000800228082001100236090001800247264004400265336002100309337003000330338002300360650002200383700003500405850001000440008004100450084001700491500003300508504002900541990002200570990002200592990002200614INLIS00000000000519520260515075329 a0010-0222000285ta aSBPUPADbind0 aRosidinePengarang1 aMetodologi Tafsir Tarbawi /cRosidin;Editor,Dhia Ulmilla aCet 1 axii, 120 hal. :bIlus ;c21 cm a978-602-8689-97-70 aind a297.13 a297 MUH k 2 2 aJakarta :bPerpustakaan Nasional,c2015 2rdacontentaTeks 2rdamediaaTanpa Perantara 2rdacarrieraVolume 4aMetodologi Tafsir aEditor,Dhia UlmillaePengarang aPUPAD260515 0  a297.13 ROS m aBiografi Penulis hlm,119-120 abibliografi, hlm 113-117 a25.376/B/DPK/2017 a25.375/B/DPK/2017 a25.374/B/DPK/2017